[Event "aut_ch03"]
[Site "Hartberg, Stmk"]
[Date "2003.08.09"]
[Round "14"]
[Board "1"]
[White "Volkmann, Friedrich Karl"]
[Black "Schroll, Gerhard"]
[Result "1/2-1/2"]
[WhiteElo "2455"]
[BlackElo "2414"]
[PlyCount "31"]

1.e4 e5 2.Nf3 Nf6 3.Nxe5 d6 4.Nf3 Nxe4 5.d4 d5 6.Bd3 Be7 7.O-O Nc6 8.c4 Nb4
9.cxd5 Nxd3 10.Qxd3 Qxd5 11.Re1 Bf5 12.Nc3 Nxc3 13.Qxc3 Be6 14.Qxc7 Bd6 15.Qc3
O-O 16.Bd2

[Event "aut_ch03"]
[Site "Hartberg, Stmk"]
[Date "2003.08.09"]
[Round "14"]
[Board "1"]
[White "Sommerbauer, Norbert"]
[Black "Neubauer, Martin"]
[Result "1/2-1/2"]
[WhiteElo "2413"]
[BlackElo "2417"]
[PlyCount "61"]

1.e4 e6 2.d4 d5 3.Nd2 Nf6 4.e5 Nfd7 5.c3 c5 6.Bd3 Nc6 7.Ne2 cxd4 8.cxd4 Qb6
9.Nf3 f6 10.exf6 Nxf6 11.O-O Bd6 12.Nc3 O-O 13.Bg5 a6 14.Qd2 Bd7 15.Bh4 Rae8
16.Bg3 Bxg3 17.hxg3 Kh8 18.Bc2 e5 19.dxe5 Nxe5 20.Nxd5 Nxd5 21.Qxd5 Bc6 22.Qb3
Qxb3 23.Bxb3 Bxf3 24.gxf3 Nxf3+ 25.Kg2 Nd2 26.Rfe1 Nxb3 27.axb3 Kg8 28.Rac1 Rxe1
29.Rxe1 Kf7 30.Rc1 Re8 31.Rc7+

[Event "aut_ch03"]
[Site "Hartberg, Stmk"]
[Date "2003.08.09"]
[Round "14"]
[Board "1"]
[White "Titz, Heimo"]
[Black "Knoll, Hermann"]
[Result "1/2-1/2"]
[WhiteElo "2295"]
[BlackElo "2361"]
[PlyCount "75"]

1.c4 Nf6 2.Nc3 g6 3.Nf3 Bg7 4.d4 O-O 5.Bg5 d6 6.e3 c6 7.Be2 a6 8.a4 a5 9.O-O Na6
10.Qd2 Bf5 11.Rfd1 Nb4 12.Ne1 Qc7 13.f3 e5 14.Bh4 Rfe8 15.Bf2 e4 16.f4 h5 17.Bh4
Bg4 18.Na2 Bxe2 19.Qxe2 Nxa2 20.Rxa2 Nd7 21.b3 f5 22.Rb1 Qb6 23.Qd1 Qa6 24.Rc2
Qb6 25.h3 Bf6 26.Bxf6 Nxf6 27.Qd2 c5 28.d5 Kf7 29.Qf2 Qd8 30.Qh4 Qe7 31.Rd1 Rad8
32.Rcd2 Rg8 33.g3 Nh7 34.Qxe7+ Kxe7 35.Rg2 Nf6 36.Rdd2 Rh8 37.Rh2 Rdg8 38.h4

[Event "aut_ch03"]
[Site "Hartberg, Stmk"]
[Date "2003.08.09"]
[Round "14"]
[Board "1"]
[White "Lendwai, Reinhard"]
[Black "Kummer, Helmut"]
[Result "0-1"]
[WhiteElo "2444"]
[BlackElo "2336"]
[PlyCount "80"]

1.e4 e5 2.Bc4 Nf6 3.d3 c6 4.Nf3 d5 5.Bb3 Bd6 6.Nc3 dxe4 7.Ng5 O-O 8.Ncxe4 Nxe4
9.Nxe4 Bf5 10.Qf3 Bg6 11.h4 Bxe4 12.dxe4 Nd7 13.Bg5 Qa5+ 14.Bd2 Qc7 15.Rh3 Nc5
16.Rg3 Ne6 17.Bh6 Kh8 18.O-O-O Rg8 19.Bxe6 fxe6 20.Be3 Rad8 21.Qe2 Be7 22.Bg5
Rxd1+ 23.Qxd1 Rd8 24.Qe2 Bxg5+ 25.hxg5 Qf7 26.c3 Kg8 27.g6 hxg6 28.Kc2 b5 29.a3
a6 30.Rg4 c5 31.Kb3 c4+ 32.Ka2 Rd3 33.f3 Qd7 34.Rxg6 b4 35.cxb4 Qa4 36.Rxe6 Qb3+
37.Ka1 Rd1+ 38.Qxd1 Qxd1+ 39.Ka2 Qb3+ 40.Ka1 c3

[Event "aut_ch03"]
[Site "Hartberg, Stmk"]
[Date "2003.08.10"]
[Round "15"]
[Board "1"]
[White "Kummer, Helmut"]
[Black "Schweda, Roland"]
[Result "0-1"]
[WhiteElo "2336"]
[BlackElo "2381"]
[PlyCount "90"]

1.d4 g6 2.c4 Bg7 3.Nc3 d6 4.e4 Nd7 5.Be2 e5 6.Nf3 Ngf6 7.Bg5 h6 8.Be3 Ng4 9.Bc1
O-O 10.O-O a5 11.h3 exd4 12.Nxd4 Ngf6 13.Qc2 Re8 14.Rd1 Nc5 15.Bf3 Qe7 16.Ndb5
Ncxe4 17.Bxe4 Nxe4 18.Nxe4 Qxe4 19.Qxe4 Rxe4 20.Nxc7 Rb8 21.Be3 Bf5 22.Nb5 Bxb2
23.Nxd6 Bxa1 24.Nxe4 Be5 25.Rd5 f6 26.Ng3 Be6 27.Rxa5 Bxc4 28.Bxh6 g5 29.Ra4 b5
30.Ra7 Rd8 31.a3 Rd1+ 32.Kh2 Ra1 33.Ra8+ Kf7 34.Bf8 Bd4 35.Nh1 Ra2 36.Bd6 Ke6
37.Bb4 Be5+ 38.Ng3 Rxf2 39.Be1 Re2 40.Ra6+ Kd7 41.Rxf6 Rxe1 42.Rf3 Bd5 43.Rf5
Re2 44.Kg1 Rxg2+ 45.Kf1 Ke6

[Event "aut_ch03"]
[Site "Hartberg, Stmk"]
[Date "2003.08.10"]
[Round "15"]
[Board "1"]
[White "Wittmann, Walter"]
[Black "Lendwai, Reinhard"]
[Result "1/2-1/2"]
[WhiteElo "2359"]
[BlackElo "2444"]
[PlyCount "42"]

1.e4 c6 2.d4 d5 3.Nd2 dxe4 4.Nxe4 Bf5 5.Ng3 Bg6 6.h4 h6 7.Nf3 e6 8.h5 Bh7 9.Bd3
Bxd3 10.Qxd3 Nf6 11.Bf4 Qa5+ 12.Bd2 Bb4 13.c3 Be7 14.c4 Bb4 15.a3 Bxd2+ 16.Qxd2
Qc7 17.O-O O-O 18.Qe2 Nbd7 19.Ne5 Rad8 20.Rfd1 Rfe8 21.b4 a5

[Event "aut_ch03"]
[Site "Hartberg, Stmk"]
[Date "2003.08.10"]
[Round "15"]
[Board "1"]
[White "Stanec, Nikolaus"]
[Black "Freitag, Manfred"]
[Result "1/2-1/2"]
[WhiteElo "2560"]
[BlackElo "2393"]
[PlyCount "21"]

1.d4 Nf6 2.c4 g6 3.Nc3 d5 4.Nf3 Bg7 5.Bg5 Ne4 6.cxd5 Nxg5 7.Nxg5 e6 8.Qd2 exd5
9.Qe3+ Kf8 10.Qf4 Bf6 11.h4

[Event "aut_ch03"]
[Site "Hartberg, Stmk"]
[Date "2003.08.10"]
[Round "15"]
[Board "1"]
[White "Danner, Georg"]
[Black "Sommerbauer, Norbert"]
[Result "1/2-1/2"]
[WhiteElo "2359"]
[BlackElo "2413"]
[PlyCount "24"]

1.d4 Nf6 2.Nf3 d5 3.c4 c6 4.cxd5 cxd5 5.Nc3 Nc6 6.Bf4 Bf5 7.e3 e6 8.Bd3 Bxd3
9.Qxd3 Bd6 10.Bxd6 Qxd6 11.O-O O-O 12.Rac1 Rfc8

[Event "aut_ch03"]
[Site "Hartberg, Stmk"]
[Date "2003.08.10"]
[Round "15"]
[Board "1"]
[White "Schroll, Gerhard"]
[Black "Ragger, Markus"]
[Result "1-0"]
[WhiteElo "2414"]
[BlackElo "2347"]
[PlyCount "107"]

1.e4 e5 2.Nf3 Nc6 3.Bb5 a6 4.Bxc6 dxc6 5.O-O Qd6 6.Na3 Qe6 7.d4 exd4 8.Nxd4 Qg4
9.f3 Qg6 10.c3 Bxa3 11.bxa3 Bd7 12.Bf4 Rc8 13.Qe2 Ne7 14.Rab1 b5 15.Rfd1 Be6
16.Qd2 O-O 17.Nxe6 Qxe6 18.Qd7 Ng6 19.Qxe6 fxe6 20.Bg3 Rfd8 21.Kf1 e5 22.Bf2 Nf4
23.Bh4 Rd3 24.Rxd3 Nxd3 25.Rd1 Nc5 26.Bg3 Re8 27.c4 Na4 28.cxb5 cxb5 29.Rd5 c5
30.Rxe5 Rxe5 31.Bxe5 Kf7 32.Ke2 g6 33.g4 Nb6 34.Bd6 Na4 35.Kd3 Ke6 36.Bg3 Nb2+
37.Kc3 Na4+ 38.Kc2 Nb6 39.f4 Nc4 40.Kd3 Nxa3 41.f5+ gxf5 42.gxf5+ Ke7 43.e5 c4+
44.Ke4 b4 45.Bh4+ Ke8 46.Kd5 b3 47.f6 Nb5 48.axb3 cxb3 49.e6 b2 50.f7+ Kf8
51.Bg5 Nc7+ 52.Ke5 Ne8 53.Bh6+ Ng7 54.Ke4

[Event "aut_ch03"]
[Site "Hartberg, Stmk"]
[Date "2003.08.10"]
[Round "15"]
[Board "1"]
[White "Baumegger, Siegfried"]
[Black "Volkmann, Friedrich Karl"]
[Result "1-0"]
[WhiteElo "2375"]
[BlackElo "2455"]
[PlyCount "105"]

1.Nf3 d5 2.d4 Nf6 3.c4 c6 4.e3 Bf5 5.Nc3 e6 6.Nh4 Be4 7.f3 Bg6 8.Qb3 Qc7 9.g3
Nbd7 10.Bd2 Be7 11.Rc1 Nb6 12.c5 Nbd7 13.Qa4 Nh5 14.Nxg6 hxg6 15.Ne2 Nxg3
16.Nxg3 Rxh2 17.f4 Bh4 18.Rxh2 Bxg3+ 19.Rf2 Qd8 20.Ke2 Bxf2 21.Kxf2 Qh4+ 22.Ke2
Nf6 23.Kd3 Ne4 24.Kc2 Qf2 25.Qa5 Ke7 26.Rd1 Rh8 27.Bd3 Nxd2 28.Qxd2 Qg3 29.Re1
Rh2 30.Re2 Rh1 31.Kb3 Qg1 32.Rg2 Qa1 33.Bc2 Kf6 34.Qa5 Rh8 35.Rh2 b6 36.cxb6
axb6 37.Qxb6 Ra8 38.a3 Qe1 39.Qb7 Qxe3+ 40.Ka2 Rg8 41.Qxc6 Qxf4 42.Rh1 Rb8
43.Qc3 g5 44.Bd3 Qd6 45.Qd2 Qg3 46.Rf1+ Ke7 47.Qc1 f5 48.Rg1 Qh2 49.Qxg5+ Kd6
50.Rg2 Qh3 51.Qf4+ Kc6 52.Rc2+ Kb7 53.Qc7+